| 000 | 01019nam a2200313 a 4500 | ||
|---|---|---|---|
| 001 | 82103 | ||
| 003 | BD-RjUL | ||
| 005 | 20231012151608.0 | ||
| 008 | 231012t20152015enkab 001 0 eng d | ||
| 020 | _a9780198748618 | ||
| 035 | _a(BD-RjUL)82103 | ||
| 040 |
_aBAR _beng _cBD-RjUL |
||
| 041 | _aeng | ||
| 082 |
_223 _a910.285 _bBUP 2015 |
||
| 100 | 1 |
_aBurrough, P. A. _eauthor _99516 |
|
| 245 | 1 | 0 |
_aPrinciples of geographical information systems / _cPeter A. Burrough, , Dr. Rachael McDonnell and Christopher D. Lloyd |
| 250 | _aThird edition. | ||
| 264 | 1 |
_aOxford : _bOxford University Press, _c2015 |
|
| 264 | 4 | _c©2015 | |
| 300 |
_a285 pages : _billustrations ; _c27 cm. |
||
| 336 |
_atext _2rdacontent |
||
| 337 |
_aunmediated _2rdamedia |
||
| 338 |
_avolume _2rdacarrier |
||
| 504 | _aIncludes bibliographical references and index. | ||
| 650 | 4 |
_aGeographic information systems _94231 |
|
| 700 | 1 |
_aMcDonnell, Rachael _eauthor _99517 |
|
| 700 | 1 |
_aLloyd, Christopher D. _eauthor _99518 |
|
| 942 |
_2ddc _cBK |
||
| 999 |
_c82103 _d82103 |
||